Conn Smythe Trophy Winners - Statistics

General Stats
  • This quiz has been taken 52 times
  • The average score is 36 of 60
Answer Stats
Year Team Answer % Correct
2023-24 Edmonton Oilers Connor McDavid
100%
2012-13 Chicago Blackhawks Patrick Kane
95%
2016-17 Pittsburgh Penguins Sidney Crosby
95%
2015-16 Pittsburgh Penguins Sidney Crosby
95%
2017-18 Washington Capitals Alexander Ovechkin
91%
2021-22 Colorado Avalanche Cale Makar
91%
2009-10 Chicago Blackhawks Jonathan Toews
91%
2020-21 Tampa Bay Lightning Andrei Vasilevskiy
81%
2008-09 Pittsburgh Penguins Evgeni Malkin
81%
2011-12 Los Angeles Kings Jonathan Quick
81%
1987-88 Edmonton Oilers Wayne Gretzky
81%
1984-85 Edmonton Oilers Wayne Gretzky
81%
1983-84 Edmonton Oilers Mark Messier
79%
1994-95 New Jersey Devils Claude Lemieux
77%
2014-15 Chicago Blackhawks Duncan Keith
77%
1991-92 Pittsburgh Penguins Mario Lemieux
77%
1990-91 Pittsburgh Penguins Mario Lemieux
77%
2010-11 Boston Bruins Tim Thomas
77%
2000-01 Colorado Avalanche Patrick Roy
74%
1992-93 Montreal Canadiens Patrick Roy
74%
1985-86 Montreal Canadiens Patrick Roy
74%
2024-25 Florida Panthers Sam Bennett
74%
1976-77 Montreal Canadiens Guy Lafleur
72%
1995-96 Colorado Avalanche Joe Sakic
72%
2022-23 Vegas Golden Knights Jonathan Marchessault
72%
1997-98 Detroit Red Wings Steve Yzerman
72%
2019-20 Tampa Bay Lightning Victor Hedman
72%
1981-82 New York Islanders Mike Bossy
70%
1971-72 Boston Bruins Bobby Orr
65%
1969-70 Boston Bruins Bobby Orr
65%
1979-80 New York Islanders Bryan Trottier
65%
2001-02 Detroit Red Wings Nicklas Lidstrom
65%
2018-19 St. Louis Blues Ryan O'Reilly
65%
2007-08 Detroit Red Wings Henrik Zetterberg
58%
1999-00 New Jersey Devils Scott Stevens
56%
2006-07 Mighty Ducks of Anaheim Scott Niedermayer
53%
1993-94 New York Rangers Brian Leetch
51%
1964-65 Montreal Canadiens Jean Béliveau
51%
2002-03 Mighty Ducks of Anaheim Jean-Sébastien Giguère
51%
2013-14 Los Angeles Kings Justin Williams
51%
1970-71 Montreal Canadiens Ken Dryden
51%
1982-83 New York Islanders Billy Smith
49%
2005-06 Carolina Hurricanes Cam Ward
49%
2003-04 Tampa Bay Lightning Brad Richards
47%
1998-99 Dallas Stars Joe Nieuwendyk
47%
1974-75 Philadelphia Flyers Bernie Parent
44%
1973-74 Philadelphia Flyers Bernie Parent
44%
1977-78 Montreal Canadiens Larry Robinson
42%
1986-87 Philadelphia Flyers Ron Hextall
37%
1988-89 Calgary Flames Al MacInnis
33%
1978-79 Montreal Canadiens Bob Gainey
33%
1972-73 Montreal Canadiens Yvan Cournoyer
33%
1968-69 Montreal Canadiens Serge Savard
28%
1989-90 Edmonton Oilers Bill Ranford
23%
1996-97 Detroit Red Wings Mike Vernon
23%
1966-67 Toronto Maple Leafs Dave Keon
21%
1975-76 Philadelphia Flyers Reggie Leach
19%
1980-81 New York Islanders Butch Goring
14%
1967-68 St. Louis Blues Glenn Hall
12%
1965-66 Detroit Red Wings Roger Crozier
12%
No matching quizzes found
Score Distribution
Percent of People with Each Score
Percentile by Number Answered
Your Score History
You have not taken this quiz